[Event "ACP-Knockout-2020-Open R1"]
[Site "Emanuel Lasker Arena"]
[Date "2020.07.24"]
[Round "1.2"]
[White "Crg"]
[Black "Evgeny_Romanov"]
[Result "0-1"]
[WhiteElo "2285"]
[BlackElo "1620"]
[Annotator "RC"]
[PlyCount "71"]
[EventDate "2020.07.24"]
[EventType "match (blitz)"]

1. d4 {[%emt 0:00:02]} d5 {[%emt 0:00:02]} 2. Nf3 {[%emt 0:00:02]} Nf6 {[%emt 0:00:03]} 3. c4 {[%emt 0:00:01]} dxc4 {[%emt 0:00:04]} 4. e3 {[%emt 0:00:03]} b5 {[%emt 0:00:02]} 5. a4 {[%emt 0:00:06]} b4 {[%emt 0:00:02]} 6. Bxc4 {[%emt 0:00:02]} e6 {[%emt 0:00:01]} 7. a5 {[%emt 0:00:30]} Bb7 {[%emt 0:00:43]} 8. a6 {[%emt 0:00:16]} Bd5 {[%emt 0:00:03]} 9. Bb5+ {[%emt 0:00:05]} Nbd7 {[%emt 0:00:59]} 10. Nbd2 {[%emt 0:01:56]} Rb8 {[%emt 0:02:31]} 11. Qa4 {[%emt 0:00:05]} Bd6 {[%emt 0:00:18]} 12. Ne5 {[%emt 0:00:48]} Bxe5 {[%emt 0:03:28]} 13. dxe5 {[%emt 0:00:04]} Ng4 {[%emt 0:00:00]} 14. e4 {[%emt 0:01:30]} Ba8 {[%emt 0:00:15]} 15. Nc4 {[%emt 0:00:23]} c6 {[%emt 0:00:45]} 16. Bxc6 {[%emt 0:01:38]} Bxc6 {[%emt 0:00:03]} 17. Qxc6 {[%emt 0:00:00]} O-O {[%emt 0:00:01]} 18. Bf4 {[%emt 0:00:01]} Qc8 {[%emt 0:01:21]} 19. Qxc8 {[%emt 0:01:43]} Rfxc8 {[%emt 0:00:00]} 20. Nd6 {[%emt 0:00:34]} Rc2 {[%emt 0:00:04]} 21. O-O {[%emt 0:00:04]} b3 {[%emt 0:00:37]} 22. Rad1 {[%emt 0:00:58]} Ngxe5 {[%emt 0:00:10]} 23. Be3 {[%emt 0:00:22]} Ra8 {[%emt 0:00:14]} 24. Bd4 {[%emt 0:00:12]} Nc6 {[%emt 0:00:06]} 25. Bc3 {[%emt 0:00:03]} Nc5 {[%emt 0:00:04]} 26. Ra1 {[%emt 0:00:17]} f6 {[%emt 0:00:03]} 27. f3 {[%emt 0:00:06]} Rb8 {[%emt 0:00:07]} 28. Rfd1 {[%emt 0:00:13]} Rb6 {[%emt 0:00:03]} 29. Nc8 {[%emt 0:00:08]} Rxa6 {[%emt 0:00:05]} 30. Rxa6 {[%emt 0:00:05]} Nxa6 {[%emt 0:00:00]} 31. Rd6 {[%emt 0:00:02]} Nab4 {[%emt 0:00:03]} 32. Rd7 {[%emt 0:00:18]} a5 {[%emt 0:00:06]} 33. Nd6 {[%emt 0:00:02]} Rxc3 {[%emt 0:00:06]} 34. Rc7 {[%emt 0:00:03]} Rc1+ {[%emt 0:00:02]} 35. Kf2 {[%emt 0:00:01]} h5 {[%emt 0:00:03]} 36. Ne8 {[%emt 0:00:01] Crg resigns (Lag: Av=0.64s, max=1.0s)} 0-1

[Event "ACP-Knockout-2020-Open R1"]
[Site "Emanuel Lasker Arena"]
[Date "2020.07.24"]
[Round "1.2"]
[White "Keti Grant"]
[Black "Dr-Bassem"]
[Result "0-1"]
[WhiteElo "1816"]
[BlackElo "2596"]
[Annotator "TA"]
[PlyCount "94"]
[EventDate "2020.07.24"]
[EventType "match (blitz)"]

{[%evp 40,93,15,15,15,15,15,15,15,16,19,18,20,12,17,8,10,13,18,14,16,-26,11,22,25,21,72,-16,39,37,41,60,47,-24,84,0,0,0,104,-85,-106,-114,0,0,196,200,195,196,188,199,410,-644,-634,-29998,-29999,-29999]} 1. e4 e5 2. Nf3 Nc6 3. Bb5 a6 4. Ba4 Nf6 5. O-O Be7 6. Re1 b5 7. Bb3 d6 8. c3 O-O 9. h3 Nb8 10. d4 Nbd7 11. Nbd2 Bb7 12. Bc2 Re8 13. Nf1 Bf8 14. Ng3 g6 15. a4 c5 16. d5 c4 17. Bg5 h6 18. Be3 Nc5 19. Qd2 h5 20. Bg5 Be7 21. Ra3 Nfd7 {C95: Closed Ruy Lopez: Breyer Variation with 10 d4.} 22. Be3 Bf6 23. Rea1 Qc7 {The position is equal.} 24. Qd1 Nb6 {[#]} 25. a5 $146 ({Predecessor:} 25. axb5 axb5 26. Nd2 Rxa3 27. Rxa3 Ra8 28. Rxa8+ Bxa8 29. Qa1 Bb7 30. Bxc5 Qxc5 31. b4 cxb3 32. Nxb3 {½-½ (41) Volovici,D (2489)-Iotov,V (2515) ICCF email 2009}) 25... Nbd7 26. Nd2 Qd8 27. b4 $36 {[%mdl 2048] White fights for an advantage.} cxb3 $1 28. Nxb3 Nxb3 29. Rxb3 Bg5 30. Nf1 Rc8 31. Qd2 Bxe3 32. Nxe3 Rc7 {[#]} (32... Rb8 $11) 33. Bd3 ({White should try} 33. c4 $1 $16 {[%mdl 512]}) 33... Qg5 (33... Nc5 $11 34. Rb4 Bc8) 34. c4 Nc5 35. Rb4 bxc4 36. Rxc4 ({Better is} 36. Bc2 $14) 36... Nb3 (36... Bc8 $11) 37. Rxc7 (37. Qb2 $16 Nc5 38. Rxc5 dxc5 39. Qb6) 37... Nxd2 $11 38. Rxb7 Rc8 (38... Nf3+ $11 {keeps the balance.} 39. Kf1 Nd4) 39. Rd1 $2 (39. Rb2 $1 $16 {[%cal Rb2d2] is necessary to keep the advantage.} Nf3+ 40. Kh1) 39... Nf3+ $1 $17 40. Kf1 Nh4 (40... Nd4 $17 41. Rb6 Rc3) 41. Bxa6 $11 Rc3 $2 (41... f5 $11 {and Black stays safe.} 42. g3 Nf3 43. exf5 gxf5) 42. Bd3 $1 $18 Ra3 43. a6 {[%cal Ba5a6,Ba6a7][%mdl 32]} Qf4 {Strongly threatening ...Ra2.} 44. a7 $1 {Black must now prevent g3.} Ra2 $2 {[#]} (44... Qh2 {is a better defense.}) 45. Be2 $4 {[%mdl 8192] [#]} (45. Rd2 $1 $18 {[%mdl 512]} Rxa7 (45... Rxd2 46. a8=Q+) 46. Rxa7) 45... Qh2 $1 $19 {[%cal Rh2h1]} 46. Ke1 {intending Rd2.} Qg1+ 47. Bf1 Qxf2# {Accuracy: White = 59%, Black = 58%.} 0-1

[Event "ACP-Knockout-2020-Open R1"]
[Site "Emanuel Lasker Arena"]
[Date "2020.07.24"]
[Round "1.2"]
[White "Anastasia3003"]
[Black "Mikhail kobalia"]
[Result "0-1"]
[WhiteElo "1620"]
[BlackElo "2636"]
[Annotator "NA"]
[PlyCount "68"]
[EventDate "2020.07.24"]
[EventType "match (blitz)"]

1. e4 {[%emt 0:00:08]} c6 {[%emt 0:00:04]} 2. Nf3 {[%emt 0:00:03]} d5 {[%emt 0:00:02]} 3. exd5 {[%emt 0:00:01]} cxd5 {[%emt 0:00:02]} 4. Ne5 {[%emt 0:00:01]} Nc6 {[%emt 0:00:05]} 5. d4 {[%emt 0:00:06]} Qb6 {[%emt 0:00:02]} 6. c3 {[%emt 0:00:24]} e6 {[%emt 0:02:29]} 7. f4 {[%emt 0:00:19]} Nge7 {[%emt 0:00:29]} 8. Bd3 {[%emt 0:00:13]} g6 {[%emt 0:01:14]} 9. Nd2 {[%emt 0:00:41]} Bg7 {[%emt 0:00:08]} 10. Ndf3 {[%emt 0:00:22]} f6 {[%emt 0:00:42]} 11. Nxc6 {[%emt 0:00:06]} Nxc6 {[%emt 0:00:01]} 12. Qe2 {[%emt 0:01:40]} Bd7 {[%emt 0:00:11]} 13. Be3 {[%emt 0:00:15]} O-O-O {[%emt 0:00:09]} 14. O-O {[%emt 0:00:50]} Ne7 {[%emt 0:00:18]} 15. b4 {[%emt 0:00:44]} Nf5 {[%emt 0:00:04]} 16. a4 {[%emt 0:00:15]} Qc7 {[%emt 0:00:29]} 17. c4 {[%emt 0:00:45]} dxc4 {[%emt 0:00:22]} 18. Bxc4 {[%emt 0:00:03]} Kb8 {[%emt 0:00:10]} 19. Rfc1 {[%emt 0:00:09]} Qd6 {[%emt 0:00:32]} 20. b5 {[%emt 0:00:26]} Rc8 {[%emt 0:00:04]} 21. Bb3 {[%emt 0:00:21]} Rxc1+ {[%emt 0:00:16]} 22. Rxc1 {[%emt 0:00:02]} Qa3 {[%emt 0:01:04]} 23. Qd3 {[%emt 0:00:30]} Nxe3 {[%emt 0:00:21]} 24. Qxe3 {[%emt 0:00:02]} Rc8 {[%emt 0:00:12]} 25. Rxc8+ {[%emt 0:00:03]} Bxc8 {[%emt 0:00:05]} 26. h4 {[%emt 0:00:34]} Bf8 {[%emt 0:00:06]} 27. Kh2 {[%emt 0:00:25]} Bd6 {[%emt 0:00:07]} 28. g3 {[%emt 0:00:25]} Qb2+ {[%emt 0:00:17]} 29. Kg1 {[%emt 0:00:03]} Qa3 {[%emt 0:00:14]} 30. Kf2 {[%emt 0:00:08]} Bd7 {[%emt 0:01:03]} 31. Nd2 {[%emt 0:00:44]} Qb2 {[%emt 0:00:26]} 32. Ke2 {[%emt 0:00:42]} Bb4 {[%emt 0:00:06]} 33. Qd3 {[%emt 0:00:09]} Bxd2 {[%emt 0:00:04]} 34. Bc2 {[%emt 0:00:20]} Bc3 {[%emt 0:00:09] Anastasia3003 Сдается (Lag: Av=0.28s, max=0.6s)} 0-1

[Event "ACP-Knockout-2020-Open R1"]
[Site "Emanuel Lasker Arena"]
[Date "2020.07.24"]
[Round "1.2"]
[White "Dosto07"]
[Black "GMIvanSalgado"]
[Result "0-1"]
[WhiteElo "1620"]
[BlackElo "1620"]
[Annotator "NA RC"]
[PlyCount "68"]
[EventDate "2020.07.24"]
[EventType "match (blitz)"]

1. e4 {[%emt 0:00:09]} c6 {[%emt 0:00:13]} 2. d4 {[%emt 0:00:05]} d5 {[%emt 0:00:02]} 3. Nc3 {[%emt 0:00:04]} dxe4 {[%emt 0:00:01]} 4. Nxe4 {[%emt 0:00:01]} Nf6 {[%emt 0:00:01]} 5. Nxf6+ {[%emt 0:00:02]} exf6 {[%emt 0:00:02]} 6. c3 {[%emt 0:00:49]} Bd6 {[%emt 0:00:08]} 7. Bd3 {[%emt 0:00:08]} O-O {[%emt 0:00:02]} 8. Ne2 {[%emt 0:00:17]} Re8 {[%emt 0:00:07]} 9. Qc2 {[%emt 0:00:09]} g6 {[%emt 0:00:04]} 10. h4 {[%emt 0:00:44]} f5 {[%emt 0:00:02]} 11. h5 {[%emt 0:00:37]} Be6 {[%emt 0:00:03]} 12. Qd2 {[%emt 0:00:16]} Qf6 {[%emt 0:00:07]} 13. Qh6 {[%emt 0:00:08]} Qg7 {[%emt 0:00:07]} 14. Qxg7+ {[%emt 0:00:15]} Kxg7 {[%emt 0:00:02]} 15. hxg6 {[%emt 0:01:03]} fxg6 {[%emt 0:00:00]} 16. Bh6+ {[%emt 0:00:13]} Kg8 {[%emt 0:00:03]} 17. O-O {[%emt 0:00:37]} Nd7 {[%emt 0:00:04]} 18. Bf4 {[%emt 0:00:33]} Bf8 {[%emt 0:00:06]} 19. c4 {[%emt 0:00:59]} Rad8 {[%emt 0:00:15]} 20. Rfd1 {[%emt 0:00:26]} Bf7 {[%emt 0:00:23]} 21. Bg5 {[%emt 0:00:23]} Rc8 {[%emt 0:00:03]} 22. Nc3 {[%emt 0:00:35]} h6 {[%emt 0:00:05]} 23. Be3 {[%emt 0:00:11]} Nf6 {[%emt 0:00:06]} 24. d5 {[%emt 0:00:38]} c5 {[%emt 0:00:03]} 25. Re1 {[%emt 0:00:34]} a6 {[%emt 0:00:18]} 26. a3 {[%emt 0:00:14]} Bg7 {[%emt 0:00:17]} 27. Bd2 {[%emt 0:00:26]} Ng4 {[%emt 0:00:43]} 28. Rxe8+ {[%emt 0:00:07]} Rxe8 {[%emt 0:00:00]} 29. Re1 {[%emt 0:00:01]} Ne5 {[%emt 0:00:07]} 30. Bf1 {[%emt 0:00:07]} g5 {[%emt 0:00:01]} 31. Na4 {[%emt 0:00:08]} Nd7 {[%emt 0:00:19]} 32. Rxe8+ {[%emt 0:00:04]} Bxe8 {[%emt 0:00:00]} 33. Bd3 {[%emt 0:00:18]} Ne5 {[%emt 0:00:04]} 34. Be2 {[%emt 0:00:29]} Bxa4 {[%emt 0:00:03] Dosto07 resigns (Lag: Av=0.84s, max=1.2s)} 0-1

[Event "ACP-Knockout-2020-Open R1"]
[Site "Emanuel Lasker Arena"]
[Date "2020.07.24"]
[Round "1.2"]
[White "IGaponenko"]
[Black "Danyuffa"]
[Result "0-1"]
[WhiteElo "1620"]
[BlackElo "1620"]
[Annotator "NA"]
[PlyCount "80"]
[EventDate "2020.07.24"]
[EventType "match (blitz)"]

1. e4 {[%emt 0:00:08]} Nf6 {[%emt 0:00:03]} 2. e5 {[%emt 0:00:02]} Nd5 {[%emt 0:00:01]} 3. d4 {[%emt 0:00:02]} d6 {[%emt 0:00:01]} 4. Nf3 {[%emt 0:00:02]} dxe5 {[%emt 0:00:02]} 5. Nxe5 {[%emt 0:00:02]} c6 {[%emt 0:00:02]} 6. Be2 {[%emt 0:00:01]} Bf5 {[%emt 0:00:02]} 7. O-O {[%emt 0:00:03]} Nd7 {[%emt 0:00:01]} 8. Nf3 {[%emt 0:00:01]} e6 {[%emt 0:00:01]} 9. c4 {[%emt 0:00:01]} N5f6 {[%emt 0:00:01]} 10. Nc3 {[%emt 0:00:01]} Bd6 {[%emt 0:00:01]} 11. Nh4 {[%emt 0:00:02]} Bg6 {[%emt 0:00:02]} 12. g3 {[%emt 0:00:01]} O-O {[%emt 0:00:01]} 13. Nxg6 {[%emt 0:00:01]} hxg6 {[%emt 0:00:01]} 14. Bg5 {[%emt 0:00:02]} Re8 {[%emt 0:00:30]} 15. Bf3 {[%emt 0:02:43]} e5 {[%emt 0:00:22]} 16. d5 {[%emt 0:00:04]} Qc7 {[%emt 0:01:07]} 17. dxc6 {[%emt 0:02:59]} bxc6 {[%emt 0:00:03]} 18. Bg2 {[%emt 0:00:01]} Nf8 {[%emt 0:00:43]} 19. Qa4 {[%emt 0:00:49]} Rac8 {[%emt 0:00:16]} 20. Be3 {[%emt 0:00:39]} a5 {[%emt 0:00:07]} 21. c5 {[%emt 0:01:06]} Be7 {[%emt 0:00:04]} 22. a3 {[%emt 0:00:01]} Ne6 {[%emt 0:00:32]} 23. b4 {[%emt 0:00:02]} Ng4 {[%emt 0:00:08]} 24. h3 {[%emt 0:01:34]} Nxe3 {[%emt 0:00:03]} 25. fxe3 {[%emt 0:00:03]} f5 {[%emt 0:01:19]} 26. g4 {[%emt 0:00:31]} Bg5 {[%emt 0:00:57]} 27. Rae1 {[%emt 0:00:18]} axb4 {[%emt 0:00:06]} 28. axb4 {[%emt 0:00:03]} Rf8 {[%emt 0:00:08]} 29. Qb3 {[%emt 0:00:21]} Rce8 {[%emt 0:00:05]} 30. b5 {[%emt 0:00:14]} e4 {[%emt 0:00:24]} 31. b6 {[%emt 0:00:21]} Qg3 {[%emt 0:00:23]} 32. gxf5 {[%emt 0:00:02]} gxf5 {[%emt 0:00:04]} 33. Nd1 {[%emt 0:00:18]} Kh7 {[%emt 0:00:16]} 34. Rf2 {[%emt 0:00:02]} Nxc5 {[%emt 0:00:06]} 35. Qc4 {[%emt 0:00:08]} Nd3 {[%emt 0:00:04]} 36. Ref1 {[%emt 0:00:02]} Nxf2 {[%emt 0:00:03]} 37. Rxf2 {[%emt 0:00:05]} Rd8 {[%emt 0:00:08]} 38. Qe2 {[%emt 0:00:05]} Rxd1+ {[%emt 0:00:05]} 39. Qxd1 {[%emt 0:00:03]} Bxe3 {[%emt 0:00:01]} 40. Qh5+ {[%emt 0:00:02]} Kg8 {[%emt 0:00:01] IGaponenko resigns (Lag: Av=0.81s, max=1.1s)} 0-1

[Event "ACP-Knockout-2020-Open R1"]
[Site "Emanuel Lasker Arena"]
[Date "2020.07.24"]
[Round "1.3"]
[White "Mikhail kobalia"]
[Black "Anastasia3003"]
[Result "1/2-1/2"]
[WhiteElo "2636"]
[BlackElo "1620"]
[Annotator "NA"]
[PlyCount "147"]
[EventDate "2020.07.24"]
[EventType "match (blitz)"]

1. e4 {[%emt 0:00:10]} c5 {[%emt 0:00:01]} 2. Nf3 {[%emt 0:00:02]} d6 {[%emt 0:00:01]} 3. Bb5+ {[%emt 0:00:02]} Bd7 {[%emt 0:00:01]} 4. Bxd7+ {[%emt 0:00:01]} Qxd7 {[%emt 0:00:01]} 5. O-O {[%emt 0:00:01]} Nf6 {[%emt 0:00:01]} 6. Re1 {[%emt 0:00:01]} Nc6 {[%emt 0:00:02]} 7. c3 {[%emt 0:00:01]} e6 {[%emt 0:00:01]} 8. d4 {[%emt 0:00:01]} cxd4 {[%emt 0:00:01]} 9. cxd4 {[%emt 0:00:01]} d5 {[%emt 0:00:00]} 10. e5 {[%emt 0:00:01]} Ne4 {[%emt 0:00:01]} 11. Nbd2 {[%emt 0:00:01]} Nxd2 {[%emt 0:00:01]} 12. Bxd2 {[%emt 0:00:01]} Be7 {[%emt 0:00:01]} 13. Rc1 {[%emt 0:00:02]} O-O {[%emt 0:00:01]} 14. Rc3 {[%emt 0:00:01]} f6 {[%emt 0:00:02]} 15. exf6 {[%emt 0:00:03]} Rxf6 {[%emt 0:00:02]} 16. Qe2 {[%emt 0:00:24]} Raf8 {[%emt 0:00:27]} 17. a3 {[%emt 0:01:09]} Bd6 {[%emt 0:00:24]} 18. Bg5 {[%emt 0:00:39]} Rg6 {[%emt 0:00:08]} 19. Bh4 {[%emt 0:00:06]} Rf4 {[%emt 0:01:06]} 20. Bg3 {[%emt 0:01:12]} Re4 {[%emt 0:01:46]} 21. Re3 {[%emt 0:00:53]} Nxd4 {[%emt 0:00:37]} 22. Nxd4 {[%emt 0:00:04]} Rxd4 {[%emt 0:00:01]} 23. Bxd6 {[%emt 0:00:33]} Qxd6 {[%emt 0:00:02]} 24. g3 {[%emt 0:00:01]} Rc4 {[%emt 0:02:51]} 25. Rxe6 {[%emt 0:00:39]} Rxe6 {[%emt 0:00:02]} 26. Qxe6+ {[%emt 0:00:01]} Qxe6 {[%emt 0:00:01]} 27. Rxe6 {[%emt 0:00:00]} Rc2 {[%emt 0:00:20]} 28. b4 {[%emt 0:00:07]} Rc3 {[%emt 0:00:19]} 29. Re7 {[%emt 0:00:16]} Rxa3 {[%emt 0:00:11]} 30. Rxb7 {[%emt 0:00:01]} Rb3 {[%emt 0:00:27]} 31. b5 {[%emt 0:00:54]} d4 {[%emt 0:00:21]} 32. Kg2 {[%emt 0:00:44]} h6 {[%emt 0:00:06]} 33. h4 {[%emt 0:00:04]} h5 {[%emt 0:00:09]} 34. Rxa7 {[%emt 0:00:24]} Rxb5 {[%emt 0:00:02]} 35. Rd7 {[%emt 0:00:01]} Rb4 {[%emt 0:00:02]} 36. Kf3 {[%emt 0:00:02]} Kh7 {[%emt 0:00:09]} 37. Ke4 {[%emt 0:00:49]} Rb2 {[%emt 0:00:03]} 38. f3 {[%emt 0:00:07]} Re2+ {[%emt 0:00:53]} 39. Kf4 {[%emt 0:00:04]} Rd2 {[%emt 0:00:03]} 40. Kg5 {[%emt 0:00:10]} Rg2 {[%emt 0:00:11]} 41. g4 {[%emt 0:00:07]} hxg4 {[%emt 0:00:07]} 42. fxg4 {[%emt 0:00:02]} Ra2 {[%emt 0:00:10]} 43. h5 {[%emt 0:01:03]} Ra4 {[%emt 0:00:17]} 44. Rd5 {[%emt 0:00:19]} Rb4 {[%emt 0:00:12]} 45. Kf5 {[%emt 0:00:06]} Rb1 {[%emt 0:00:16]} 46. Rxd4 {[%emt 0:00:09]} Rb5+ {[%emt 0:00:02]} 47. Kf4 {[%emt 0:00:05]} Rb1 {[%emt 0:00:03]} 48. Re4 {[%emt 0:00:04]} Rh1 {[%emt 0:00:21]} 49. Kg5 {[%emt 0:00:05]} Rb1 {[%emt 0:00:03]} 50. Re7 {[%emt 0:00:06]} Rb5+ {[%emt 0:00:03]} 51. Kf4 {[%emt 0:00:02]} Kh6 {[%emt 0:00:12]} 52. Re6+ {[%emt 0:00:12]} Kh7 {[%emt 0:00:01]} 53. g5 {[%emt 0:00:08]} Rb4+ {[%emt 0:00:09]} 54. Re4 {[%emt 0:01:19]} Rb5 {[%emt 0:00:02]} 55. Ra4 {[%emt 0:00:39]} Rc5 {[%emt 0:00:08]} 56. Rd4 {[%emt 0:00:05]} Rb5 {[%emt 0:00:01]} 57. Rc4 {[%emt 0:00:04]} Ra5 {[%emt 0:00:02]} 58. Re4 {[%emt 0:00:01]} Rb5 {[%emt 0:00:01]} 59. Re8 {[%emt 0:00:02]} Rb4+ {[%emt 0:00:03]} 60. Kf5 {[%emt 0:00:13]} Rb5+ {[%emt 0:00:01]} 61. Re5 {[%emt 0:00:01]} Rb7 {[%emt 0:00:16]} 62. Ke6 {[%emt 0:00:03]} Rb2 {[%emt 0:00:08]} 63. Rf5 {[%emt 0:00:06]} Rb6+ {[%emt 0:00:04]} 64. Kd7 {[%emt 0:00:09]} Rb7+ {[%emt 0:00:13]} 65. Kc6 {[%emt 0:00:01]} Ra7 {[%emt 0:00:03]} 66. Re5 {[%emt 0:00:06]} Ra6+ {[%emt 0:00:11]} 67. Kd7 {[%emt 0:00:02]} Ra7+ {[%emt 0:00:02]} 68. Ke6 {[%emt 0:00:04]} Ra6+ {[%emt 0:00:02]} 69. Kf7 {[%emt 0:00:03]} Ra7+ {[%emt 0:00:22]} 70. Re7 {[%emt 0:00:02]} Ra5 {[%emt 0:00:01]} 71. h6 {[%emt 0:00:24]} Rxg5 {[%emt 0:00:06]} 72. hxg7 {[%emt 0:00:03]} Rxg7+ {[%emt 0:00:01]} 73. Kf6 {[%emt 0:00:01]} Rxe7 {[%emt 0:00:01]} 74. Kxe7 {[%emt 0:00:01] (Lag: Av=0.37s, max=1.0s)} 1/2-1/2

[Event "ACP-Knockout-2020-Open R1"]
[Site "Emanuel Lasker Arena"]
[Date "2020.07.24"]
[Round "1.3"]
[White "Dr-Bassem"]
[Black "Keti Grant"]
[Result "1-0"]
[WhiteElo "2596"]
[BlackElo "1815"]
[Annotator "TA"]
[PlyCount "69"]
[EventDate "2020.07.24"]
[EventType "match (blitz)"]

{[%evp 18,69,10,0,0,13,18,-51,-4,-53,-41,-44,-56,-75,-56,-50,-57,-141,-122,-259,-97,-260,-209,-217,-212,-221,-140,-118,-75,-58,-68,-84,-77,-71,-77,-93,17,24,170,157,137,89,193,161,138,85,470,465,1821,1709,29990,29991,29991,29992]} 1. e4 c5 2. Nf3 e6 3. d3 Nc6 4. g3 d5 5. Nbd2 g6 6. Bg2 Bg7 7. O-O Nge7 8. Re1 O-O 9. h4 h6 10. e5 f6 {A08: King's Indian Attack.} 11. exf6 Rxf6 12. Nf1 (12. Nb3 $11) 12... Qd6 {Black is slightly better.} 13. Ne3 Rf7 14. c4 Bd7 15. Ng4 {[#]} Kh7 $146 ({Predecessor:} 15... e5 16. Ne3 Raf8 17. cxd5 Nxd5 18. Nxd5 Qxd5 19. Nxe5 Qxg2+ 20. Kxg2 Rxf2+ 21. Kg1 Nxe5 {½-½ (71) Kim,S (2268)-Vulfson,V (2412) Samara 2002}) 16. Be3 Raf8 17. Nd2 ({White should try} 17. Rc1 $15) 17... b6 ({Not} 17... Bxb2 18. Nxh6 Rg7 19. Rb1 $14) 18. Nb3 (18. Nf3 $17) 18... a5 $2 (18... Nf5 $19 19. Bf4 e5) 19. Rc1 $2 (19. d4 $17 cxd4 20. Nxd4) 19... h5 20. Nh2 {[#]} d4 $1 {[%cal Rd4e3]} ({But not} 20... Bxb2 21. Nf3 $17) 21. Bf4 e5 22. Bg5 Rxf2 {Threatens to win with ...e4.} 23. Nd2 Qe6 {( -> ...Rxg2+!)} 24. Ne4 Rxb2 25. Rb1 Rxb1 26. Qxb1 {[#]} Nb4 ({Black should play} 26... Nc8 $1 $17 27. Bd8 Qe8 28. Bxb6 Nxb6 29. Qxb6 Nb4) 27. a3 $11 Na6 (27... Nf5 $11 {and Black stays safe.}) 28. Bxe7 Qxe7 29. Qxb6 {[%mdl 64] Double Attack} Bc8 (29... Nb8 $16 {keeps fighting.}) 30. Ng5+ Kh6 31. Nhf3 (31. Qxa5 $142 {Hoping for Qd2.} Bf6 32. Nhf3) 31... Rf6 $2 {[%mdl 8192]} (31... Qc7 $16 32. Rb1 Bf6) 32. Qxa5 $18 Bb7 (32... Rxf3 $142 33. Bxf3 Bf6) 33. Nxe5 {Threatening mate with Ng4+!} Bxg2 {[#]} 34. Ng4+ $1 {[%mdl 576] Discovered Attack} hxg4 35. Rxe7 {White used his chance. Accuracy: White = 52%, Black = 37%.} 1-0

[Event "ACP-Knockout-2020-Open R1"]
[Site "Emanuel Lasker Arena"]
[Date "2020.07.24"]
[Round "1.3"]
[White "Murzin"]
[Black "Devil1234"]
[Result "1-0"]
[WhiteElo "2231"]
[BlackElo "2279"]
[Annotator "NA"]
[PlyCount "89"]
[EventDate "2020.07.24"]
[EventType "match (blitz)"]

{Murzin, Volodar} 1. e4 {[%emt 0:00:14]} Nf6 {[%emt 0:00:01]} 2. e5 {[%emt 0:00:03]} Nd5 {[%emt 0:00:01]} 3. Nf3 {[%emt 0:00:00]} d6 {[%emt 0:00:01]} 4. d4 {[%emt 0:00:01]} dxe5 {[%emt 0:00:03]} 5. Nxe5 {[%emt 0:00:09]} g6 {[%emt 0:00:01]} 6. Bc4 {[%emt 0:00:04]} c6 {[%emt 0:00:04]} 7. O-O {[%emt 0:00:10]} Bg7 {[%emt 0:00:01]} 8. Re1 {[%emt 0:00:02]} O-O {[%emt 0:00:01]} 9. c3 {[%emt 0:00:02]} Be6 {[%emt 0:00:02]} 10. Bf1 {[%emt 0:00:09]} Nd7 {[%emt 0:00:04]} 11. Nd3 {[%emt 0:00:05]} Rc8 {[%emt 0:00:07]} 12. Nd2 {[%emt 0:00:05]} Bf5 {[%emt 0:00:37]} 13. Nf3 {[%emt 0:00:07]} Re8 {[%emt 0:00:01]} 14. h3 {[%emt 0:00:04]} Qb6 {[%emt 0:00:03]} 15. a4 {[%emt 0:00:15]} a5 {[%emt 0:00:01]} 16. Nde5 {[%emt 0:00:05]} Nxe5 {[%emt 0:00:02]} 17. Nxe5 {[%emt 0:00:00]} Red8 {[%emt 0:00:04]} 18. Qf3 {[%emt 0:00:10]} Be6 {[%emt 0:00:17]} 19. Nc4 {[%emt 0:00:37]} Qc7 {[%emt 0:00:03]} 20. Bg5 {[%emt 0:00:09]} c5 {[%emt 0:00:08]} 21. dxc5 {[%emt 0:00:03]} Qxc5 {[%emt 0:00:00]} 22. Rxe6 {[%emt 0:00:28]} fxe6 {[%emt 0:00:04]} 23. Qe4 {[%emt 0:00:05]} Rf8 {[%emt 0:00:41]} 24. Qxe6+ {[%emt 0:00:20]} Kh8 {[%emt 0:00:01]} 25. Bh4 {[%emt 0:00:09]} Rc6 {[%emt 0:00:33]} 26. Qd7 {[%emt 0:00:23]} Rc7 {[%emt 0:00:05]} 27. Qe6 {[%emt 0:00:22]} Nf4 {[%emt 0:00:50]} 28. Qe4 {[%emt 0:00:43]} Qd5 {[%emt 0:00:15]} 29. Qxd5 {[%emt 0:00:21]} Nxd5 {[%emt 0:00:00]} 30. Bg3 {[%emt 0:00:09]} Rc5 {[%emt 0:00:07]} 31. Rd1 {[%emt 0:00:14]} Rfc8 {[%emt 0:00:15]} 32. Nd2 {[%emt 0:00:22]} Nf6 {[%emt 0:00:01]} 33. Nb3 {[%emt 0:00:03]} Rf5 {[%emt 0:00:12]} 34. Re1 {[%emt 0:00:11]} Rf8 {[%emt 0:00:53]} 35. Nd4 {[%emt 0:00:15]} Rd5 {[%emt 0:00:06]} 36. Rxe7 {[%emt 0:00:09]} Nh5 {[%emt 0:00:03]} 37. Bh2 {[%emt 0:00:03]} b6 {[%emt 0:00:47]} 38. Bc4 {[%emt 0:00:26]} Rdd8 {[%emt 0:00:14]} 39. Bb5 {[%emt 0:00:40]} Bf6 {[%emt 0:00:13]} 40. Re6 {[%emt 0:00:23]} Nf4 {[%emt 0:00:21]} 41. Bxf4 {[%emt 0:00:16]} Bxd4 {[%emt 0:00:01]} 42. Bg3 {[%emt 0:00:04]} Bc5 {[%emt 0:00:11]} 43. Be5+ {[%emt 0:00:35]} Kg8 {[%emt 0:00:01]} 44. Bc4 {[%emt 0:00:03]} Bxf2+ {[%emt 0:01:09]} 45. Kh2 {[%emt 0:00:11] Devil1234 resigns (Lag: Av=0.88s, max=1.4s)} 1-0